000 00508nam a2200169 i 4500
001 65185
003 ES-MaACL
005 20250810063027.0
007 t|
008 040109s1969 sp ||||1| spa d
100 1 _aFrancia y Acosta, Francisco de
_952173
245 1 0 _ajardín de Apolo
_b: (Madrid, 1624) /
_cFrancisco Francia y Acosta.
260 _a[Cieza :
_bAntonio Pérez de Soto,
_c1969]
300 _a51 fol. ;
_c25 cm.
852 _aES-MaACL
_jC-36918
_bR.70370
999 _c65185
_d65185